000 00741nam a2200253Ia 4500
003 GCL
008 140319s9999 xx 000 0 ara d
040 _aGCL /
_cGCL
082 0 4 _a301.31
_bك ت
100 1 _aكولاس , رنية
245 1 0 _aتلوث المياة /
_cكولاس , رنية
700 1 _aمحمد يعقوب
260 _a[S.N] :
_bمنشورات عويدان ،
_c1981
300 _a142 ص
490 _aزدنى علما
_v0
650 0 4 _aالبيئة
650 0 4 _aتلوث البيئة
650 0 4 _aحماية البيئة
650 0 4 _aهندسة البيئة
650 0 4 _aالمياه
650 0 4 _aبيئة المياة العذبة
650 0 4 _aبيئة المستنقعات
942 _2ddc
_cBK
999 _c36013
_d36013